[Event "Team men HL chess 2017"]
[Site "Sochi"]
[Date "2017.05.05"]
[Round "5.7"]
[White "Kayukov, Kirill"]
[Black "Alexeev, Alexey"]
[Result "1-0"]
[WhiteElo "2155"]
[BlackElo "2301"]
[PlyCount "105"]
[EventDate "2017.05.01"]

1. c4 e5 2. Nc3 Nf6 3. g3 Bb4 4. Bg2 O-O 5. e4 Bxc3 6. bxc3 Re8 7. Ne2 c6 8.
Qb3 Na6 9. Ba3 b6 10. O-O Nc5 11. Bxc5 bxc5 12. Qa3 d6 13. Rab1 Be6 14. d3 Qc7
15. f4 Bg4 16. Nc1 exf4 17. Rxf4 Rab8 18. Nb3 Qd7 19. Rb2 Be6 20. Bf3 Ng4 21.
Bxg4 Bxg4 22. Rbf2 f6 23. d4 cxd4 24. cxd4 Bh3 25. Qc1 Re7 26. Qd1 Qe8 27. Qc2
f5 28. Rh4 Bg4 29. exf5 Bd1 30. Qd3 Re3 31. Qd2 Bxb3 32. axb3 Rbxb3 33. Rhf4
Rbd3 34. Qc2 Re1+ 35. Kg2 Rdd1 36. f6 Qh5 37. Rh4 Rg1+ 38. Kh3 Rxg3+ 39. hxg3
Rh1+ 40. Kg2 Rxh4 41. gxh4 Qg4+ 42. Kf1 Qh3+ 43. Ke1 Qe3+ 44. Qe2 Qc1+ 45. Qd1
Qe3+ 46. Kf1 Qh3+ 47. Kg1 Qg3+ 48. Rg2 Qe3+ 49. Kf1 Qf4+ 50. Rf2 Qxh4 51. Qf3
Qxd4 52. fxg7 Qa1+ 53. Kg2 1-0

[Event "Team men HL chess 2017"]
[Site "Sochi"]
[Date "2017.05.05"]
[Round "5.7"]
[White "Linker, Mikhail"]
[Black "Tereshechkina, Maya"]
[Result "1-0"]
[WhiteElo "2239"]
[BlackElo "2056"]
[PlyCount "115"]
[EventDate "2017.05.01"]

1. e4 e6 2. d4 d5 3. Nc3 dxe4 4. Nxe4 Bd7 5. Bd3 Bc6 6. Nf3 Nd7 7. Bg5 Be7 8.
Bxe7 Qxe7 9. Qe2 Ngf6 10. Ned2 Nd5 11. O-O-O Nf4 12. Qf1 Nxd3+ 13. Qxd3 O-O-O
14. Rhe1 Qf6 15. Ne4 Qf4+ 16. Qe3 Qxe3+ 17. Rxe3 h6 18. h4 Nf6 19. Nxf6 gxf6
20. Ne1 Rhg8 21. g3 Rg4 22. c3 Re4 23. Rxe4 Bxe4 24. Rd2 h5 25. Re2 f5 26. b3
b5 27. b4 Kb7 28. Re3 Rg8 29. a3 a5 30. Kd2 axb4 31. cxb4 Rd8 32. Kc3 Ra8 33.
Kb2 Rd8 34. Kc3 Ra8 35. Kb2 Rd8 36. f3 Bc6 37. Nc2 Rg8 38. f4 Rd8 39. Kc3 Be4
40. Na1 Bd5 41. Re1 Rd6 42. Rc1 f6 43. Nc2 Be4 44. Ne3 e5 45. Rd1 Kc6 46. dxe5
fxe5 47. fxe5 Rxd1 48. Nxd1 Kd5 49. e6 Kxe6 50. Kd4 c6 51. Nf2 Bf3 52. Nd3 Kd6
53. Ne5 Be4 54. Nf7+ Ke7 55. Ng5 Bc2 56. Ke5 Kd7 57. Ne6 Bd3 58. Nc5+ 1-0

[Event "Team men HL chess 2017"]
[Site "Sochi"]
[Date "2017.05.05"]
[Round "5.7"]
[White "Dulenko, Maxim"]
[Black "Pervakov, Sergey"]
[Result "1/2-1/2"]
[WhiteElo "2144"]
[BlackElo "2134"]
[PlyCount "80"]
[EventDate "2017.05.01"]

1. e4 d6 2. d4 Nf6 3. Bd3 g6 4. Ne2 Bg7 5. O-O O-O 6. h3 Nbd7 7. Be3 e5 8. c3
c5 9. Nd2 cxd4 10. cxd4 d5 11. Rc1 dxe4 12. Nxe4 Nxe4 13. Bxe4 Nf6 14. Bc2 Nd5
15. dxe5 Nxe3 16. Qxd8 Rxd8 17. fxe3 Be6 18. Nd4 Bc4 19. Rfd1 Bd5 20. Nf3 Rac8
21. Bb3 Rxc1 22. Rxc1 Bxf3 23. gxf3 Bxe5 24. f4 Bb8 25. Rd1 Rxd1+ 26. Bxd1 Kg7
27. Bf3 b6 28. Bd5 f5 29. Kg2 Kf6 30. Kf3 Bd6 31. e4 fxe4+ 32. Kxe4 a5 33. a4
Bc5 34. b3 Bg1 35. Bc6 Bc5 36. Bd5 Bb4 37. Bc6 Bc5 38. Bd5 Bd6 39. Bc6 Bc5 40.
Bd5 Bb4 1/2-1/2

[Event "Team men HL chess 2017"]
[Site "Sochi"]
[Date "2017.05.05"]
[Round "5.8"]
[White "Gusarov, Grigory"]
[Black "Domogaev, Sergey"]
[Result "0-1"]
[WhiteElo "2320"]
[BlackElo "2431"]
[PlyCount "172"]
[EventDate "2017.05.01"]

1. e4 e5 2. Nf3 Nc6 3. d4 exd4 4. Nxd4 Bc5 5. Nb3 Bb6 6. Nc3 d6 7. Bd3 Nge7 8.
Na4 O-O 9. O-O f5 10. Nxb6 axb6 11. exf5 Bxf5 12. Bg5 Qd7 13. Bb5 h6 14. Bh4
Ng6 15. Bg3 Qf7 16. c3 Be6 17. Bxc6 bxc6 18. Nd4 Bc4 19. Re1 c5 20. Nc2 Bxa2
21. Qh5 Bd5 22. Ne3 Be6 23. h3 Rxa1 24. Rxa1 Ne5 25. Qxf7+ Rxf7 26. Bxe5 dxe5
27. Kf1 Kf8 28. Ra8+ Ke7 29. Ke1 Kd7 30. Rb8 c4 31. Ke2 Re7 32. Kf3 Kd6 33.
Rd8+ Kc5 34. Ke2 c6 35. Ra8 b5 36. Ke1 Bd5 37. Nf5 Rf7 38. Ne3 Rb7 39. Ra5 Kd6
40. Kd2 Rf7 41. Ke1 Kc5 42. Ra8 Rd7 43. Ra5 Be4 44. Ke2 Rb7 45. Kd2 h5 46. h4
g6 47. Ke2 Re7 48. Ra6 Rf7 49. Ke1 Rf4 50. g3 Rf8 51. Ra7 Bd3 52. Ra6 Rb8 53.
Ra5 Kd6 54. Kd2 Kc5 55. Ke1 Kb6 56. Ra2 Rf8 57. Ra1 Kb7 58. Ra2 Be4 59. Ra1 Bf3
60. Ra2 Rg8 61. Ra1 g5 62. hxg5 Rxg5 63. Kd2 Rg8 64. Re1 Rf8 65. Nc2 Bg4 66.
Rxe5 Rxf2+ 67. Kc1 Rg2 68. Re3 Kc7 69. Ne1 Rh2 70. Nc2 Rh3 71. Kd2 Kd6 72. Nd4
Kd5 73. Nc2 Rh2+ 74. Kc1 Rh1+ 75. Ne1 Bf5 76. Kd2 Bg4 77. Kc1 Rf1 78. Kd2 Rf2+
79. Kc1 Rh2 80. Nc2 Bf5 81. Nd4 Bd3 82. b4 c5 83. bxc5 b4 84. c6 bxc3 85. Nf3
Ra2 86. Re5+ Kd6 0-1

[Event "Team men HL chess 2017"]
[Site "Sochi"]
[Date "2017.05.05"]
[Round "5.8"]
[White "Skurikhin, Dmitrij"]
[Black "Ozgibcev, Anatoly"]
[Result "0-1"]
[WhiteElo "2345"]
[BlackElo "2379"]
[PlyCount "106"]
[EventDate "2017.05.01"]

1. d4 d5 2. c4 e6 3. Nf3 c5 4. cxd5 exd5 5. Nc3 Nc6 6. g3 Nf6 7. Bg2 Be7 8. O-O
cxd4 9. Nxd4 O-O 10. Bg5 h6 11. Be3 Bg4 12. h3 Be6 13. Nxc6 bxc6 14. Na4 Qd7
15. Kh2 Bf5 16. Rc1 Rfe8 17. Nc5 Bxc5 18. Bxc5 Be4 19. f3 Bg6 20. Re1 Qb7 21.
Qd2 Nd7 22. Bd4 f6 23. h4 Bf7 24. b3 Be6 25. Qc3 Rac8 26. Qa5 a6 27. Qa3 Qb5
28. Bc5 a5 29. Bf1 Ra8 30. Rcd1 Bf7 31. Rd2 a4 32. Bf2 Ne5 33. Bd4 axb3 34.
Qxb3 Nc4 35. Rd3 Qa5 36. Ra1 Nd2 37. Qd1 Nxf1+ 38. Qxf1 c5 39. Bf2 d4 40. Qd1
Bc4 41. Rd2 Qa6 42. Qc2 Kh8 43. Rc1 Bxe2 44. Qxc5 Rac8 45. Qh5 d3 46. Rxc8 Rxc8
47. Be3 Qb7 48. Kg2 Qb1 49. Qf5 Qf1+ 50. Kh2 Rc1 51. g4 Qh1+ 52. Kg3 Qe1+ 53.
Kh2 Qxh4+ 0-1

[Event "Team men HL chess 2017"]
[Site "Sochi"]
[Date "2017.05.05"]
[Round "5.8"]
[White "Savchuk, Vladimir"]
[Black "Pogosian, Georgy"]
[Result "1-0"]
[WhiteElo "2077"]
[BlackElo "2204"]
[PlyCount "133"]
[EventDate "2017.05.01"]

1. d4 Nf6 2. Bf4 d5 3. e3 c5 4. c3 Nc6 5. Nf3 e6 6. Nbd2 Bd6 7. Bg3 O-O 8. Ne5
Ne7 9. Bd3 b6 10. f4 Bb7 11. Qf3 Nf5 12. O-O Be7 13. Rad1 Nd6 14. Bh4 Nfe4 15.
Bxe7 Qxe7 16. Qh5 f6 17. Ng4 Bc6 18. Nf2 Ba4 19. b3 Be8 20. Qh3 f5 21. Nb1 a5
22. Bxe4 dxe4 23. g4 c4 24. Rfe1 Bc6 25. Nd2 b5 26. Ra1 Bd5 27. Qf1 Rfc8 28.
Rec1 Rc7 29. g5 Rac8 30. Nd1 Qf7 31. Qe2 g6 32. Rab1 Qd7 33. Rc2 Qc6 34. b4
axb4 35. Rxb4 Ra7 36. Nb1 h6 37. gxh6 Rh7 38. Qg2 Rxh6 39. Qg3 Qe8 40. Rg2 Ra8
41. a3 Qe7 42. Rbb2 Bc6 43. Qe1 Be8 44. Rg3 Nc8 45. Rbg2 Nb6 46. Nf2 Nd5 47.
Nh3 Nf6 48. Ng5 Nd5 49. Re2 Kg7 50. Qf1 Bf7 51. Rh3 Rah8 52. Rxh6 Rxh6 53. Qc1
Qa7 54. Rg2 Qa4 55. h3 Nxe3 56. Qxe3 Qd1+ 57. Kh2 Qxb1 58. d5 Rh5 59. Qd4+ Kf8
60. Nxf7 Qd3 61. Ng5 Qxd4 62. Nxe6+ Ke7 63. Nxd4 Kd6 64. Rxg6+ Kxd5 65. Rb6 e3
66. Re6 e2 67. Rxe2 1-0

[Event "Team men HL chess 2017"]
[Site "Sochi"]
[Date "2017.05.05"]
[Round "5.8"]
[White "Parfenov, Viktor N"]
[Black "Bezdenezhnyh, Pavel"]
[Result "1-0"]
[WhiteElo "2240"]
[BlackElo "2188"]
[PlyCount "107"]
[EventDate "2017.05.01"]

1. c4 Nf6 2. g3 g6 3. Bg2 Bg7 4. Nc3 O-O 5. d4 d6 6. Nf3 c5 7. dxc5 dxc5 8.
Qxd8 Rxd8 9. Ne5 Ne8 10. Nd3 Na6 11. Nd5 Kf8 12. Bg5 Nf6 13. Nxf6 Bxf6 14. Bxf6
exf6 15. O-O-O Rb8 16. Nf4 Bf5 17. Rxd8+ Rxd8 18. Bxb7 Nb4 19. e4 Bg4 20. a3
Nd3+ 21. Kc2 Nxb2 22. Bd5 Na4 23. Rb1 Nb6 24. Rb5 Rc8 25. Nd3 Be2 26. a4 Bxd3+
27. Kxd3 Ke7 28. a5 Nxd5 29. exd5 Rc7 30. a6 Kd6 31. Kc3 Re7 32. Kd3 Rc7 33.
Rb8 Kd7 34. g4 Rc8 35. Rb2 Rc7 36. Kc3 Rc8 37. Rb7+ Rc7 38. Rb5 h6 39. Rb8 Rc8
40. Rb7+ Rc7 41. Kb3 Rxb7+ 42. axb7 Kc7 43. Ka4 a6 44. Ka5 Kxb7 45. f4 f5 46.
gxf5 gxf5 47. d6 h5 48. h4 Kc6 49. Kxa6 Kd7 50. Kb5 Kxd6 51. Kb6 f6 52. Kb5 Kd7
53. Kxc5 Kc7 54. Kd5 1-0

[Event "Team men HL 2017"]
[Site "Sochi"]
[Date "2017.05.05"]
[Round "5.1"]
[White "Sychev, Klementy"]
[Black "Shimanov, Aleksandr"]
[Result "0-1"]
[WhiteElo "2459"]
[BlackElo "2642"]
[PlyCount "78"]
[EventDate "2017.??.??"]

1. d4 Nf6 2. Nf3 e6 3. g3 b6 4. Bg2 Bb7 5. c4 Be7 6. O-O O-O 7. b3 c5 8. Bb2
cxd4 9. Qxd4 Nc6 10. Qf4 d5 11. Rd1 Qe8 12. Nbd2 Rd8 13. Rac1 Nh5 14. Qe3 Nf6
15. Qf4 Nh5 16. Qe3 Bc5 17. Qd3 d4 18. a3 a5 19. Ne4 f5 20. Nxc5 bxc5 21. Qc2
e5 22. e4 fxe4 23. Ng5 d3 24. Qd2 Nd4 25. Bxd4 exd4 26. Nxe4 Bxe4 27. Re1 Nf6
28. f3 Qh5 29. fxe4 Ng4 30. h3 Ne5 31. Rcd1 Rf3 32. g4 Qh4 33. Rf1 Rdf8 34.
Qxa5 Rf2 35. Kh1 Nxg4 36. Qc7 Ne3 37. Rxf2 Qxf2 38. Rg1 d2 39. e5 Qxg1+ 0-1

[Event "Team men HL 2017"]
[Site "Sochi"]
[Date "2017.05.05"]
[Round "5.2"]
[White "Kovalev, Vladislav"]
[Black "Zakhartsov, Vladimir"]
[Result "1-0"]
[WhiteElo "2629"]
[BlackElo "2442"]
[PlyCount "95"]
[EventDate "2017.??.??"]

1. e4 e5 2. Nf3 Nf6 3. Nc3 Nc6 4. Bb5 Bb4 5. O-O O-O 6. d3 Bxc3 7. bxc3 d6 8.
Bg5 Ne7 9. Nh4 c6 10. Ba4 Ng6 11. Bb3 Nxh4 12. Bxh4 h6 13. a4 Be6 14. a5 Bxb3
15. cxb3 Qe7 16. Qc1 d5 17. f4 exf4 18. Qxf4 dxe4 19. d4 Rae8 20. a6 b6 21.
Bxf6 Qxf6 22. Qxf6 gxf6 23. Rxf6 c5 24. dxc5 bxc5 25. Rxh6 Rb8 26. Rb1 f6 27.
Rh5 Rfc8 28. Rh4 Re8 29. Kf2 Rbd8 30. Re1 f5 31. Rf4 Rf8 32. g4 fxg4 33. Rexe4
Rd2+ 34. Ke3 Rxf4 35. Rxf4 Rxh2 36. Rxg4+ Kf7 37. Kd3 Ra2 38. Kc4 Rxa6 39. Kxc5
Ke7 40. Rd4 Rb6 41. b4 Rb8 42. b5 Rc8+ 43. Kb4 Rh8 44. Ka5 Rh1 45. Ka6 Ra1+ 46.
Kb7 Ra5 47. c4 Ra4 48. Rd2 1-0

[Event "Team men HL 2017"]
[Site "Sochi"]
[Date "2017.05.05"]
[Round "5.3"]
[White "Gochelashvili, David"]
[Black "Yuffa, Daniil"]
[Result "0-1"]
[WhiteElo "2425"]
[BlackElo "2510"]
[PlyCount "92"]
[EventDate "2017.??.??"]

1. Nf3 d5 2. g3 Bg4 3. Bg2 Nd7 4. c4 c6 5. cxd5 cxd5 6. Nc3 Ngf6 7. O-O e6 8.
d3 Bc5 9. Bf4 O-O 10. Rc1 a6 11. e4 dxe4 12. dxe4 Rc8 13. e5 Nh5 14. Qd2 Bxf3
15. Bxf3 Nxf4 16. Qxf4 Qa5 17. Qa4 Qxa4 18. Nxa4 Nxe5 19. Nxc5 Nxf3+ 20. Kg2
Ne5 21. Nxb7 Nd3 22. Rxc8 Rxc8 23. Rd1 Nxb2 24. Rd6 Ra8 25. f4 Nc4 26. Rc6 Ne3+
27. Kf3 Nd5 28. a4 h5 29. a5 Rb8 30. Nd6 Nb4 31. Rc7 f6 32. Ke4 Rd8 33. Nc4 Kh7
34. Ne3 Rd2 35. Re7 f5+ 36. Kf3 Nc6 37. Nf1 Rxh2 38. Rb7 Rc2 39. Rb6 Nxa5 40.
Rxe6 Nc6 41. Rd6 Rc3+ 42. Ke2 a5 43. Rd5 a4 44. Rxf5 a3 45. Rxh5+ Kg8 46. Nd2
a2 0-1

[Event "Team men HL 2017"]
[Site "Sochi"]
[Date "2017.05.05"]
[Round "5.4"]
[White "Lugovskoy, Maxim"]
[Black "Dordzhieva, Dinara"]
[Result "0-1"]
[WhiteElo "2464"]
[BlackElo "2271"]
[PlyCount "94"]
[EventDate "2017.??.??"]

1. d4 d5 2. Nc3 Nf6 3. Bf4 a6 4. Nf3 e6 5. e3 c5 6. dxc5 Bxc5 7. Bd3 b5 8. O-O
Bb7 9. Qe2 Nbd7 10. Bg5 h6 11. Bh4 b4 12. Nb1 Be7 13. Nbd2 O-O 14. Rfd1 Nc5 15.
Nb3 Nce4 16. Nfd4 Qc7 17. Rac1 Bd6 18. c4 bxc3 19. Bxf6 Nxf6 20. Rxc3 Qb6 21.
Nd2 Rfc8 22. Rb3 Qc7 23. Nf1 g6 24. Qf3 Kg7 25. Ng3 Qe7 26. Rb6 Bc5 27. Rb3 Bd6
28. h4 h5 29. Rb6 Rc7 30. Bb1 Ng4 31. e4 Bc5 32. Rxb7 Rxb7 33. exd5 Bxd4 34.
Rxd4 exd5 35. Nf1 Qf6 36. Rf4 Qxb2 37. Bd3 Qe5 38. Qg3 Re7 39. Qf3 a5 40. Ng3
Qe1+ 41. Bf1 Qe5 42. Ne2 Rc8 43. Qd3 Rc4 44. g3 Re4 45. Qf3 f6 46. Nc3 Re1 47.
Nxd5 Rxf1+ 0-1

[Event "Team men HL 2017"]
[Site "Sochi"]
[Date "2017.05.05"]
[Round "5.5"]
[White "Savchenko, Boris"]
[Black "Goryachkina, Aleksandra"]
[Result "1/2-1/2"]
[WhiteElo "2634"]
[BlackElo "2470"]
[PlyCount "103"]
[EventDate "2017.??.??"]

1. c4 Nf6 2. Nf3 e6 3. g3 d5 4. Bg2 d4 5. O-O c5 6. e3 Nc6 7. exd4 cxd4 8. d3
Be7 9. b3 O-O 10. Re1 Re8 11. a3 a5 12. Ng5 h6 13. Ne4 Nd7 14. f4 Rb8 15. Ra2
b6 16. Rae2 Bb7 17. f5 e5 18. Rf2 Na7 19. h4 Nc8 20. Qg4 Kf8 21. Nbd2 Nd6 22.
Nxd6 Bxd6 23. Bxb7 Rxb7 24. Qf3 Rb8 25. Ne4 Be7 26. f6 Nxf6 27. g4 Qd7 28. Kf1
Qe6 29. Nxf6 Qxf6 30. Rxe5 Qxf3 31. Rxf3 Bxh4 32. Bf4 Rbd8 33. Rh5 Re1+ 34. Kg2
g5 35. Rxh6 Kg7 36. Rh5 Rde8 37. Rxg5+ Bxg5 38. Bxg5 R8e2+ 39. Kg3 Rg1+ 40. Kf4
f6 41. Bh4 Re3 42. Bf2 Rxf3+ 43. Kxf3 Rb1 44. b4 Rb3 45. Ke4 axb4 46. axb4 Rxb4
47. Bxd4 Kf7 48. g5 fxg5 49. Kf5 b5 50. Be5 g4 51. Bf4 bxc4 52. dxc4 1/2-1/2

[Event "Team men HL 2017"]
[Site "Sochi"]
[Date "2017.05.05"]
[Round "5.6"]
[White "Potapov, Pavel"]
[Black "Tukhaev, Adam"]
[Result "1/2-1/2"]
[WhiteElo "2497"]
[BlackElo "2557"]
[PlyCount "125"]
[EventDate "2017.??.??"]

1. e4 c5 2. b3 Nf6 3. e5 Nd5 4. Bb2 Nc6 5. Nf3 e6 6. Na3 Be7 7. g3 O-O 8. Bg2
d6 9. exd6 Bxd6 10. O-O e5 11. Nc4 f6 12. Nxd6 Qxd6 13. d3 Bg4 14. h3 Bh5 15.
Qd2 Nd4 16. Nh4 Rae8 17. c3 Nc6 18. Nf5 Qd7 19. Ba3 b6 20. Ne3 Bf7 21. Rad1 Rd8
22. Kh2 Rfe8 23. Bb2 Qc7 24. Be4 Nce7 25. Qe2 Nf4 26. Qc2 Bh5 27. Rde1 Ne6 28.
h4 Bg6 29. c4 Nd4 30. Qd1 Bf7 31. Bxd4 Rxd4 32. Qf3 Rf8 33. g4 Be6 34. Qg3 Ng6
35. Ng2 Bxg4 36. Qxg4 f5 37. Qg3 fxe4 38. Rxe4 Qd8 39. h5 Rxd3 40. Qg4 Nf4 41.
Rxe5 Qd6 42. Rfe1 Rh3+ 43. Kg1 Nd3 44. Qxh3 Nxe5 45. f4 Nd3 46. Re4 Nxf4 47.
Nxf4 Rxf4 48. Rxf4 Qxf4 49. Qc8+ Kf7 50. Qd7+ Kf6 51. Qxa7 Qg3+ 52. Kf1 Qf3+
53. Kg1 Qc6 54. Kf2 Qd6 55. Kg2 h6 56. Qb7 Kg5 57. Qxg7+ Kxh5 58. Qb7 Kg5 59.
Qg7+ Kf5 60. Qf7+ Ke5 61. Qh5+ Kd4 62. Qd1+ Ke5 63. Qh5+ 1/2-1/2

[Event "Team men HL 2017"]
[Site "Sochi"]
[Date "2017.05.05"]
[Round "5.7"]
[White "Gabrielian, Artur"]
[Black "Belyakov, Bogdan"]
[Result "1/2-1/2"]
[WhiteElo "2525"]
[BlackElo "2470"]
[PlyCount "45"]
[EventDate "2017.??.??"]

1. e4 e5 2. Nf3 Nc6 3. Bb5 Nf6 4. O-O Nxe4 5. d4 Nd6 6. Bxc6 dxc6 7. dxe5 Nf5
8. Qxd8+ Kxd8 9. h3 Ke8 10. Nc3 h5 11. Bg5 Be6 12. Rad1 Be7 13. b3 Rd8 14. Rfe1
h4 15. Ne2 Rxd1 16. Rxd1 Bd5 17. Bxe7 Kxe7 18. Nfd4 Nxd4 19. Nxd4 Be6 20. Nf3
Bd5 21. Nd4 Be6 22. Nf3 Bd5 23. Nd4 1/2-1/2

[Event "Team men HL 2017"]
[Site "Sochi"]
[Date "2017.05.05"]
[Round "5.8"]
[White "Savitskiy, Sergey"]
[Black "Yandarbiev, Ruslan"]
[Result "1-0"]
[WhiteElo "2416"]
[BlackElo "2288"]
[PlyCount "107"]
[EventDate "2017.??.??"]

1. e4 e6 2. d4 d5 3. Nc3 Nf6 4. e5 Nfd7 5. f4 c5 6. Nf3 Nc6 7. Be3 a6 8. Qd2
Be7 9. Be2 O-O 10. O-O b5 11. Nd1 b4 12. Bf2 a5 13. c3 f6 14. c4 Nxd4 15. Bxd4
cxd4 16. cxd5 fxe5 17. dxe6 Nc5 18. Nxe5 Qd6 19. Bf3 Ra6 20. Nf2 Bxe6 21. Ne4
Nxe4 22. Bxe4 Bf6 23. Qd3 g6 24. h4 Ra7 25. Rac1 Rc7 26. h5 gxh5 27. Nc4 Qa6
28. b3 h4 29. Kh1 Rg7 30. Rfe1 Kh8 31. Ne5 Qxd3 32. Nxd3 h3 33. gxh3 Rg3 34. f5
Bd5 35. Bxd5 Rxh3+ 36. Kg2 Rxd3 37. Rc7 Rd2+ 38. Kf3 Rxa2 39. Rh1 Bg7 40. Be6
d3 41. Rd7 Re2 42. Bf7 Re5 43. Bg6 h6 44. Rxd3 Rc5 45. Kg4 Rc3 46. Rd7 Rcc8 47.
Bf7 Rfd8 48. Ra7 Ra8 49. Re7 a4 50. bxa4 Rxa4 51. Bb3 Ra3 52. Rh3 Rd4+ 53. Kh5
Bf6 54. Kg6 1-0

[Event "Team men HL chess 2017"]
[Site "Sochi"]
[Date "2017.05.07"]
[Round "6.3"]
[White "Savchenko, Boris"]
[Black "Sychev, Klementy"]
[Result "1/2-1/2"]
[WhiteElo "2634"]
[BlackElo "2459"]
[PlyCount "60"]
[EventDate "2017.05.01"]

1. e4 e5 2. Nf3 Nc6 3. Bb5 Nf6 4. d3 Bc5 5. c3 O-O 6. Nbd2 d6 7. Nf1 Bd7 8. h3
a5 9. a4 Ne7 10. Bc4 Ng6 11. Ng3 c6 12. O-O d5 13. Ba2 dxe4 14. dxe4 h6 15. Kh2
Qc7 16. Qc2 b5 17. Ne1 Rab8 18. axb5 cxb5 19. b4 Bb6 20. Bd2 axb4 21. cxb4 Qxc2
22. Nxc2 Nf4 23. Be3 Rfc8 24. Ne1 Kf8 25. Rd1 Be8 26. Bxb6 Rxb6 27. Nf3 Ng6 28.
Ne1 Nf4 29. Nf3 Ng6 30. Ne1 Nf4 1/2-1/2

[Event "Team men HL chess 2017"]
[Site "Sochi"]
[Date "2017.05.07"]
[Round "6.3"]
[White "Zakhartsov, Vladimir"]
[Black "Tukhaev, Adam"]
[Result "0-1"]
[WhiteElo "2442"]
[BlackElo "2557"]
[PlyCount "66"]
[EventDate "2017.05.01"]

1. e4 c5 2. Nf3 e6 3. d4 cxd4 4. Nxd4 Nc6 5. Nc3 d6 6. g4 Bd7 7. Be3 Nge7 8.
Qd2 Nxd4 9. Qxd4 Nc6 10. Qd2 a6 11. O-O-O b5 12. f4 Be7 13. g5 O-O 14. e5 d5
15. Ne4 Rc8 16. Kb1 dxe4 17. Qxd7 Qa5 18. Bg2 Nb4 19. a3 Nxc2 20. Rc1 Qa4 21.
Qd2 Nxa3+ 22. bxa3 Qb3+ 23. Ka1 Qxa3+ 24. Kb1 Qb3+ 25. Ka1 Bb4 26. Qb2 Rxc1+
27. Rxc1 Qxe3 28. Rc2 a5 29. Qc1 Qxc1+ 30. Rxc1 Bd2 31. Rc5 Bxf4 32. Bxe4 Bxh2
33. Rxb5 g6 0-1

[Event "Team men HL chess 2017"]
[Site "Sochi"]
[Date "2017.05.07"]
[Round "6.3"]
[White "Gabrielian, Artur"]
[Black "Gochelashvili, David"]
[Result "1-0"]
[WhiteElo "2525"]
[BlackElo "2425"]
[PlyCount "67"]
[EventDate "2017.05.01"]

1. e4 g6 2. d4 Bg7 3. Nc3 d5 4. exd5 Nf6 5. Bc4 Nbd7 6. Nf3 O-O 7. O-O Nb6 8.
Bb3 a5 9. a4 Nbxd5 10. Nxd5 Nxd5 11. h3 c6 12. Re1 Re8 13. c3 Bf5 14. Ne5 Qc7
15. Qf3 Rad8 16. Ba2 Be6 17. Nd3 b6 18. Nf4 Qc8 19. Nxe6 fxe6 20. Qg4 Kf7 21.
Bf4 Bf6 22. Bg3 b5 23. axb5 cxb5 24. Re2 b4 25. cxb4 axb4 26. Rae1 Kg7 27. Rxe6
Nc7 28. Rc1 Qa8 29. Bxc7 Qxa2 30. Bxd8 Rxd8 31. Qe2 Kf7 32. Re1 Rxd4 33. Rxe7+
Kg8 34. Rb7 1-0

[Event "Team men HL chess 2017"]
[Site "Sochi"]
[Date "2017.05.07"]
[Round "6.3"]
[White "Dordzhieva, Dinara"]
[Black "Musalov, Ruslan"]
[Result "1-0"]
[WhiteElo "2271"]
[BlackElo "2348"]
[PlyCount "91"]
[EventDate "2017.05.01"]

1. Nf3 Nf6 2. c4 c6 3. b3 d5 4. Bb2 e6 5. e3 Nbd7 6. Qc2 Bd6 7. Nc3 Qe7 8. Be2
O-O 9. Rg1 Rd8 10. g4 Nf8 11. g5 N6d7 12. h4 a6 13. h5 b5 14. h6 bxc4 15. bxc4
Ng6 16. Rb1 Nb6 17. Ba1 Nxc4 18. Bxc4 dxc4 19. Nd4 Qe8 20. hxg7 Be5 21. Ne4
Bxg7 22. Nf6+ Bxf6 23. gxf6 e5 24. Nf5 Bxf5 25. Qxf5 Qd7 26. Qxd7 Rxd7 27. Bxe5
Kf8 28. Bc3 Rd5 29. a4 Ke8 30. Rb4 h5 31. Rxc4 Kd7 32. Rb4 Rc8 33. Rb7+ Ke6 34.
f4 Rc5 35. Rxg6 Rxc3 36. Rh6 Rc1+ 37. Ke2 Re8 38. Rxh5 Kxf6 39. Rb6 Re6 40.
Rh6+ Kf5 41. Rxe6 fxe6 42. Rxa6 Ke4 43. Ra5 c5 44. d3+ Kf5 45. d4 Rc2+ 46. Kf3
1-0

[Event "Team men HL chess 2017"]
[Site "Sochi"]
[Date "2017.05.07"]
[Round "6.4"]
[White "Paravyan, David"]
[Black "Pakhomov, Alexey"]
[Result "1-0"]
[WhiteElo "2528"]
[BlackElo "2343"]
[PlyCount "81"]
[EventDate "2017.05.01"]

1. d4 Nf6 2. Bg5 c5 3. d5 Ne4 4. Bf4 Qb6 5. Bc1 e5 6. f3 Nf6 7. e4 d6 8. Ne2
Be7 9. Nec3 O-O 10. Na3 Qd8 11. Nc4 Nbd7 12. a4 Ne8 13. Be3 Bg5 14. Bf2 Nb6 15.
Ne3 Bxe3 16. Bxe3 g6 17. h4 Bd7 18. Qd2 f6 19. Be2 a6 20. g4 Rb8 21. g5 f5 22.
f4 exf4 23. Bxf4 fxe4 24. a5 Nc8 25. Nxe4 Qe7 26. Nxc5 Ng7 27. O-O-O Bf5 28.
Rhe1 Qf7 29. Rf1 Ra8 30. Ne6 Nxe6 31. dxe6 Qxe6 32. b3 d5 33. Qxd5 Ne7 34.
Qxe6+ Bxe6 35. Rd6 Bf7 36. Rd7 Nf5 37. Rxb7 Rac8 38. Bxa6 Nd4 39. Bd6 Rfd8 40.
Rbxf7 Rxc2+ 41. Kb1 1-0

[Event "Team men HL chess 2017"]
[Site "Sochi"]
[Date "2017.05.07"]
[Round "6.4"]
[White "Meshkov, Yuri A"]
[Black "Zhukova, Natalia"]
[Result "0-1"]
[WhiteElo "2345"]
[BlackElo "2450"]
[PlyCount "86"]
[EventDate "2017.05.01"]

1. Nf3 g6 2. d4 Nf6 3. Bf4 Bg7 4. e3 O-O 5. Nbd2 d6 6. h3 Nfd7 7. Bc4 e5 8.
dxe5 dxe5 9. Bg5 Qe8 10. e4 Nb6 11. Bb3 a5 12. a3 Be6 13. Be3 N8d7 14. Qe2 a4
15. Bxe6 Qxe6 16. h4 h6 17. h5 g5 18. Nh2 f5 19. f3 f4 20. Bf2 Nf6 21. Ng4 Nxg4
22. fxg4 Nd7 23. Rh3 Nf6 24. Rc3 Rf7 25. Nf3 Nxg4 26. O-O-O Qa2 27. Nd2 Nf6 28.
Rd3 Qe6 29. Nb1 Qg4 30. Rd8+ Rxd8 31. Rxd8+ Kh7 32. Qc4 Rd7 33. Rxd7 Qxd7 34.
Nc3 c6 35. Qxa4 Qg4 36. Qc4 Qxg2 37. Bc5 Qh1+ 38. Kd2 Qxh5 39. Qe6 Qg6 40. Kd3
g4 41. Qe7 g3 42. Qxb7 f3 43. Qa7 h5 0-1

[Event "Team men HL chess 2017"]
[Site "Sochi"]
[Date "2017.05.07"]
[Round "6.4"]
[White "Kryakvin, Dmitry"]
[Black "Babarykin, Stanislav"]
[Result "1-0"]
[WhiteElo "2560"]
[BlackElo "2354"]
[PlyCount "71"]
[EventDate "2017.05.01"]

1. d4 f5 2. Bf4 Nf6 3. e3 g6 4. h4 h6 5. Nf3 d6 6. Nc3 Bg7 7. Bd3 Nc6 8. Qd2
Be6 9. a3 Qd7 10. O-O-O O-O-O 11. Bb5 Nd5 12. Nxd5 Bxd5 13. c4 Bxf3 14. gxf3 a6
15. Ba4 e5 16. d5 Qf7 17. Bxc6 bxc6 18. Bh2 cxd5 19. cxd5 e4 20. Qa5 Kb7 21.
fxe4 Ka7 22. Rd2 Rb8 23. Rc2 Rb6 24. e5 Bxe5 25. Bxe5 dxe5 26. Rd1 Kb7 27. Rd3
Rd8 28. Rdc3 Rd7 29. Rc6 Qe7 30. Qc3 Qd8 31. a4 e4 32. Kb1 Kb8 33. Rc1 Kb7 34.
d6 cxd6 35. Rc8 Qe7 36. a5 1-0

[Event "Team men HL chess 2017"]
[Site "Sochi"]
[Date "2017.05.07"]
[Round "6.4"]
[White "Suslov, Evgeniy"]
[Black "Notkin, Maksim"]
[Result "1/2-1/2"]
[WhiteElo "2252"]
[BlackElo "2465"]
[PlyCount "86"]
[EventDate "2017.05.01"]

1. Nf3 Nf6 2. g3 b6 3. Bg2 Bb7 4. O-O c5 5. c4 e6 6. Nc3 Be7 7. Re1 d5 8. cxd5
Nxd5 9. e4 Nb4 10. d4 cxd4 11. Nxd4 N8c6 12. Nxc6 Qxd1 13. Rxd1 Nxc6 14. Bf4 g5
15. Be3 Na5 16. Nb5 O-O 17. b3 Bc6 18. Nd4 Bb7 19. Rac1 Rfd8 20. Nb5 Rxd1+ 21.
Rxd1 Bc6 22. e5 Bxg2 23. Kxg2 Nc6 24. Rd7 Kf8 25. Rc7 Nxe5 26. Rxa7 Rb8 27. Rc7
Nd3 28. Na7 Nb4 29. Rxe7 Kxe7 30. Bd2 Ra8 31. Bxb4+ Kd7 32. Nb5 Rxa2 33. Bc3
Kc6 34. Nd4+ Kd5 35. Kf3 Ra3 36. Bb4 Ra2 37. Ke3 Rb2 38. Bc3 Rb1 39. b4 Kc4 40.
Bd2 e5 41. Nf3 f6 42. h4 Rb3+ 43. Ke2 e4 1/2-1/2

[Event "Team men HL chess 2017"]
[Site "Sochi"]
[Date "2017.05.07"]
[Round "6.5"]
[White "Triapishko, Alexandr"]
[Black "Tekeyev, Zaur"]
[Result "1-0"]
[WhiteElo "2490"]
[BlackElo "2383"]
[PlyCount "71"]
[EventDate "2017.05.01"]

1. e4 c5 2. Nf3 Nc6 3. d4 cxd4 4. Nxd4 e5 5. Nb5 d6 6. c4 g6 7. N1c3 a6 8. Na3
Bg7 9. Be2 Nge7 10. h4 Nd4 11. h5 O-O 12. hxg6 Nxg6 13. Bf1 f5 14. Qh5 f4 15.
Bd2 Be6 16. O-O-O Qd7 17. c5 dxc5 18. Qxh7+ Kf7 19. Rh6 Ne7 20. Nc4 Qc7 21.
Rxe6 Nxe6 22. Nd5 Nxd5 23. exd5 Ng5 24. Qf5+ Kg8 25. Qxg5 b5 26. Ba5 Qc8 27. d6
Qe6 28. d7 bxc4 29. d8=Q Raxd8 30. Rxd8 Kh7 31. Qh5+ Kg8 32. Rd6 Qxd6 33. Bxc4+
Rf7 34. Qxf7+ Kh7 35. Qh5+ Bh6 36. Qf5+ 1-0